000 00578nam a22002177a 4500
001 41018
003 OSt
005 20141213151526.0
008 141213b xxu||||| |||| 00| 0 eng d
020 _a9780340971659
040 _aDDC
_beng
_cDDC
082 _21st. ed.
_a302
100 _4Arnold Jackie
245 _ateach yourself
_bspeaking on special occasions
_cArnold, Jackie
250 _a1st. ed.
260 _aLondon
_bHodder Education / Hachette Livre
_c2008
300 _axv, 224 p.
_c19 cm.
504 _aIncludes index.
700 _4Arnold, Jackie
942 _2ddc
_cBK
999 _c1961
_d1961